000 00299nam a22001097a 4500
008 160512b xxu||||| |||| 00| 0 eng d
020 _a9994397486
041 _aeng
080 _a612.39
245 _aTeknologjia e perpunimit te frutave dhe perimeve:
_cRenata Kongoli; iliriana Bocil;
942 _2udc
_cBK
999 _c2101
_d2101